| 000 | 02173nab a2200277 i 4500 | ||
|---|---|---|---|
| 003 | BR-BrBNA | ||
| 005 | 20250429124530.0 | ||
| 008 | 250429b2017 bl.qr|pooa||| 00| 0 por | | ||
| 040 |
_aBR-BrBNA _bpor |
||
| 072 | _aF70 | ||
| 100 | _aRocha, Lamarck | ||
| 100 | _aCamacho, Ramiro Gustavo Valera | ||
| 100 | _aSales, Margareth Ferreira de | ||
| 100 | _aMelo, José Iranildo Miranda de | ||
| 245 | _aFlora da Região de Xingó, Alagoas e Sergipe (Brasil): Turneraceae | ||
| 500 | _aPublicação on-line; 31 ref.; 3 illus.; Summaries (En, Pt) | ||
| 520 | _a Resumo Este trabalho compreende o levantamento taxonômico da família Turneraceae para a Região de Xingó: Alagoas e Sergipe, Nordeste brasileiro. Foram encontradas nove espécies, distribuídas em dois gêneros: Piriqueta cistoides, P. guianensis, P. racemosa, Turnera calyptrocarpa, T. cearensis, T. chamaedrifolia, T. hermannioides, T. pumilea e T. subulata. O tratamento taxonômico inclui chave de identificação, descrições, ilustrações e comentários sobre os táxons. Palavras-chave: Caatinga, florística, nordeste brasileiro, Piriqueta, Turnera. Abstract This work comprises the taxonomic survey of the family Turneraceae for the Xingó Region: states of Alagoas and Sergipe, Brazilian northeastern. Nine species distributed in two genera were found: Piriqueta cistoides, P. guianensis, P. racemosa, Turnera calyptrocarpa, T. cearensis, T. chamaedrifolia, T. hermannioides, T. pumilea and T. subulata. The taxonomic treatment includes an identification key, descriptions, illustrations and comments about the taxa. Key words: Caatinga vegetation, floristics, Brazilian northeastern, Piriqueta, Turnera. | ||
| 650 | _aCAATINGA | ||
| 650 | _aCOMPOSIÇÃO BOTÂNICA | ||
| 650 | _aTURNERACEAE | ||
| 650 | _aNORDESTE | ||
| 773 | 0 |
_0709 _9349998 _dRio de Janeiro-RJ Jardim Botanico do Rio de Janeiro 1935 _o2025-2520 _tRodriguésia (Brazil) _x0370-6583; 2175-7860 on-line _gv. 68(2) p. 569-579; (2017) _wBR2025000795 |
|
| 856 | _uhttps://www.scielo.br/j/rod/a/npQLXsZJ6CFXZrrrDrTVMgM/?format=pdf&lang=pt | ||
| 942 | _cANA | ||
| 999 |
_c331263 _d331263 |
||